000 00430nam a2200181 a 4500
001 1767274135364
003 ACL
005 20260101190101.0
008 260101s1993##################000#0#eng##
020 _a0061092207
082 0 4 _a641.874
_bREG
100 1 _aRegan, Gary,
_eauthor.
245 1 0 _aThe Bartender's Bible :
260 _bHarperTorch,
_c1993.
650 0 _aCooking.
942 _cENGLISH
040 _aACL
_beng
_cACL
999 _c606533
_d606533